| 000 | 01487nam a2200373 4500 | ||
|---|---|---|---|
| 999 |
_c7787 _d7787 |
||
| 001 | 7787 | ||
| 003 | BD - JhCC | ||
| 005 | 20190311091914.0 | ||
| 008 | 740201s1973 enk bs 000 0 eng | ||
| 020 | _a0521203767 | ||
| 035 | _a(BD - JhCC)7787 | ||
| 035 | _a(OCoLC)00814688 | ||
| 035 | _aGLIS00000278 | ||
| 040 |
_aBD-JhCC _dBD-JhCC |
||
| 041 | _aeng | ||
| 050 | 0 |
_aHD5767 _b.C43 |
|
| 082 |
_bCHE 1973 _a331.137942 |
||
| 099 | _aHD5767.C43 | ||
| 100 | 1 | _aCheshire, P. C. | |
| 245 | 1 | 0 |
_aRegional unemployment differences in Great Britain, _cby P. C. Cheshire. Interregional migration models and their application to Great Britain, by R. Weeden. With a foreword by A. J. Brown. |
| 260 |
_a[London, _aNew York] _bCambridge University Press _c[1973] |
||
| 300 |
_axi, 107 p. _c24 cm. |
||
| 490 | 1 |
_aNational Institute of Economic and Social Research. Regional papers, _v2 |
|
| 500 | _aCover title. | ||
| 504 | _aIncludes bibliographical references. | ||
| 650 | 0 |
_aUnemployed _zGreat Britain. |
|
| 650 | 0 |
_aMigration, Internal _xMathematical models. |
|
| 650 | 0 |
_aMigration, Internal _zGreat Britain _xMathematical models. |
|
| 700 | 1 |
_aWeeden, R. _tInterregional migration models and their application to Great Britain. _f1973. |
|
| 740 | 0 | _aInterregional migration models and their application to Great Britain. | |
| 830 | 0 |
_aRegional papers (National Institute of Economic and Social Research) ; _v2. |
|
| 942 |
_2ddc _cBK |
||